00570cam a22001692 4500001001100000005001700011008004100028020002800069040001500097050001500112100003000127245011100157260002800268300001600296650005700312700003100369000000484920151217151942.0070530s xx 000 0 eng d a0195113136 :cKES 2,546 aKABUcKABU 0aQR88b.W451 aWhite, David.@000015572010aMicrobial physiology and biochemistry laboratory :ba quantitative approach /cDavid White, G. D. Hegeman. aNew York :bOUP,c1998. axi, 161 p. 0aMicrobial metabolismvLaboratory manual.@00001557211 aHegeman, G. D.@0000155722